| 000 | 00551nam a2200181Ia 4500 | ||
|---|---|---|---|
| 008 | 090123s9999 xx 000 0 und d | ||
| 082 | _b5329 | ||
| 100 | _aएस. मंगळा सत्यन | ||
| 245 | _aभाषेय बंधन | ||
| 250 | _a1 | ||
| 260 |
_bहेमंत साहित्य _c1978 |
||
| 300 | _a144 | ||
| 600 | _aएस. मंगळा सत्यन | ||
| 630 | _aभाषेय बंधन | ||
| 700 | _aएस. मंगळा सत्यन | ||
| 730 | _aभाषेय बंधन | ||
| 942 | _cBOOK | ||
| 999 |
_c43404 _d43404 |
||